Skúsenosti zo zavádzania auditov procesu vo Volkswagen Bratislava

Skúsenosti zo zavádzania auditov procesu vo Volkswagene Slovakia, a.s. Bratislava. Audity ako nezávislá previerka činnosti, ktoré majú za úlohu zisťovať funkčnosť systému kvality. Zavádzanie auditov procesu vo VW Slovakia na báze Ishikawovho diagramu. Audity procesu na úrovni koncernu VW.

Guardado en:
Detalles Bibliográficos
Autor principal: Runa, Robert
Formato: Capítulo de libro
Lenguaje:eslovaco
Materias:
Etiquetas: Agregar Etiqueta
Sin Etiquetas, Sea el primero en etiquetar este registro!

MARC

LEADER 00000naa a2200000 4500
001 r038124
005 20231002065517.4
041 0 |a slo 
044 |a SK 
245 1 0 |a Skúsenosti zo zavádzania auditov procesu vo Volkswagen Bratislava  |c Robert Runa 
520 |a Skúsenosti zo zavádzania auditov procesu vo Volkswagene Slovakia, a.s. Bratislava. Audity ako nezávislá previerka činnosti, ktoré majú za úlohu zisťovať funkčnosť systému kvality. Zavádzanie auditov procesu vo VW Slovakia na báze Ishikawovho diagramu. Audity procesu na úrovni koncernu VW. 
610 2 0 |a audit 
610 2 0 |a proces výrobný 
610 2 0 |a certifikácia 
610 2 0 |a výrobky 
610 2 0 |a priemysel automobilový 
610 2 0 |a manažment 
610 2 0 |a Volkswagen Slovakia, a.s. Bratislava 
100 1 |a Runa, Robert